Cinderella (Record no. 11691)
[ view plain ]
| 000 -LEADER | |
|---|---|
| fixed length control field | 00250nam a22000977a 4500 |
| 008 - FIXED-LENGTH DATA ELEMENTS--GENERAL INFORMATION | |
| fixed length control field | 191203b ||||| |||| 00| 0 eng d |
| 020 ## - INTERNATIONAL STANDARD BOOK NUMBER | |
| International Standard Book Number | 9780736428880 |
| 100 ## - MAIN ENTRY--PERSONAL NAME | |
| Personal name | Lagonegro Melissa |
| 9 (RLIN) | 7390 |
| 245 ## - TITLE STATEMENT | |
| Title | Cinderella |
| 260 ## - PUBLICATION, DISTRIBUTION, ETC. (IMPRINT) | |
| Place of publication, distribution, etc. | New York |
| Name of publisher, distributor, etc. | Random house |
| Date of publication, distribution, etc. | 2012 |
| Withdrawn status | Lost status | Source of classification or shelving scheme | Damaged status | Koha normalized classification for sorting | Not for loan | Home library | Current library | Shelving location | Date acquired | Total Checkouts | Full call number | Barcode | Date last seen | Price effective from | Koha item type |
|---|---|---|---|---|---|---|---|---|---|---|---|---|---|---|---|
| Dewey Decimal Classification | LAG_823_000000000000000_N1 | Good Samaritan School Library | Good Samaritan School Library | FICTION | 12/03/2019 | LAG823 N-1 | LAG15736 | 12/03/2019 | 12/03/2019 | BOOK |